000 00443nam a22001817a 4500
003 MPLRDC
005 20220104123540.0
008 210129b ||||| |||| 00| 0 eng d
082 _a411.3 GF
100 _a国丰文化出版社编辑部
245 _a果菜食疗
_c
250 _a初版
260 _a
_b国丰文化出版社
_c1987
300 _b
490 _a真善美书系
650 _a营养与食品
942 _cBK
_o411.3 GF
999 _c12302
_d12292